Mirror for humanity (Record no. 32642)

MARC details
000 -LEADER
fixed length control field 00436nam a2200193Ia 4500
020 ## - INTERNATIONAL STANDARD BOOK NUMBER
ISBN 0-07-241487-1
050 ## - CALL MARK
Classification number GN316.K66
100 ## - STATEMENT OF RESPONSIBILITY--MAIN AUTHOR NAME
Personal name Conrad Phillip Kottak
245 #0 - TITLE STATEMENT
Title Mirror for humanity
250 ## - EDITION / VOLUME STATEMENT
Edition / Volume statement Third Edition
260 ## - PUBLICATION, DISTRIBUTION, ETC. (IMPRINT)
Place of publication Boston
260 ## - PUBLICATION, DISTRIBUTION, ETC. (IMPRINT)
Name of publisher McGraw-Hill
260 ## - PUBLICATION, DISTRIBUTION, ETC. (IMPRINT)
Year of publication 1996
300 ## - PHYSICAL DESCRIPTION
Number of Pages 144 p
650 ## - SUBJECT ADDED ENTRY--TOPICAL TERM
Topical Term Ethnology
942 ## - ADDED ENTRY ELEMENTS (KOHA)
Koha item type Books
Holdings
Withdrawn status Lost status Source of classification or shelving scheme Damaged status Not for loan Permanent Location Current Location Date acquired Accession Number Price effective from Koha item type
    Library of Congress Classification     NILE UNIVERSITY OF NIGERIA - MAIN LIBRARY NILE UNIVERSITY OF NIGERIA - MAIN LIBRARY 04/23/2025 0002413 04/23/2025 Books